[Event "Pardubice Czech op-E 34th"]
[Site "Pardubice"]
[Date "2023.07.14"]
[Round "2"]
[White "Pychova, Nela"]
[Black "Rosenbaumova, Lea"]
[Result "1-0"]
[WhiteElo "2072"]
[BlackElo "1838"]
[PlyCount "67"]
[EventDate "2023.07.13"]
[EventType "team-swiss"]
[EventRounds "7"]
[EventCountry "CZE"]
[SourceTitle "CBM 215 Extra"]
[Source "ChessBase"]
[SourceDate "2023.09.30"]
[SourceVersion "1"]
[SourceVersionDate "2023.09.30"]
[SourceQuality "1"]
[WhiteTeam "Vlasim Spartak"]
[BlackTeam "Pardubice Gasco"]
[WhiteTeamCountry "CZE"]
[BlackTeamCountry "CZE"]

1. c4 Nf6 2. Nf3 e6 3. g3 d5 4. b3 Nbd7 5. Bb2 Bd6 6. Bg2 0-0 7. 0-0 e5 8. cxd5 Nxd5 9. d3 Re8 10. Nbd2 c6 11. a3 Bc7 12. b4 N7f6 13. Qc2 Bg4 14. Rac1 Rc8 15. Qb1 Qe7 16. Qa1 Nb6 17. Nc4 Nxc4 18. Rxc4 Qe6 19. Rfc1 Bb8 20. a4 Nd7 21. b5 Nb6 22. Rc5 cxb5 23. a5 Rxc5 24. Rxc5 Na4 25. Rxb5 Nxb2 26. Qxb2 Bc7 27. Rxb7 Bxa5 28. Rxa7 Bd8 29. Qb7 Bf6 30. Ng5 Qe7 31. Qc6 Qd8 32. Nxf7 Qc8 33. Nh6+ Kh8 34. Nxg4 1-0

[Event "CZE-ch rapid U20"]
[Site "Ceska Trebova"]
[Date "2020.09.19"]
[Round "2"]
[White "Ludvik, Tomas"]
[Black "Rosenbaumova, Lea"]
[Result "1-0"]
[WhiteElo "1997"]
[BlackElo "1610"]
[PlyCount "93"]
[EventDate "2020.09.19"]
[EventType "swiss (rapid)"]
[EventRounds "9"]
[EventCountry "CZE"]
[SourceTitle "CBM 198 Extra"]
[Source "ChessBase"]
[SourceDate "2020.11.30"]
[SourceVersion "1"]
[SourceVersionDate "2020.11.30"]
[SourceQuality "1"]

1. d4 d5 2. c4 e6 3. Nc3 Nf6 4. Nf3 Bb4 5. Bg5 h6 6. Bxf6 Qxf6 7. e3 0-0 8. Rc1 c6 9. Bd3 Nd7 10. 0-0 dxc4 11. Bxc4 Re8 12. Ne4 Qe7 13. a3 Ba5 14. b4 Bc7 15. Qb3 Nb6 16. Bd3 e5 17. dxe5 Bxe5 18. Nxe5 Qxe5 19. Nc5 Nd7 20. Bc4 Rf8 21. Rfd1 Nxc5 22. bxc5 Rb8 23. Bxf7+ Kh8 24. f4 Qf5 25. Bc4 Qxc5 26. Be2 Qe7 27. Bf3 Be6 28. Qb4 Rfe8 29. Rc3 Qxb4 30. axb4 Rbd8 31. Rcd3 Rxd3 32. Rxd3 Bf5 33. Ra3 a6 34. Kf2 Rd8 35. e4 Be6 36. Ke3 Bf7 37. e5 Bg6 38. g4 Bf7 39. Rd3 Rxd3+ 40. Kxd3 Kg8 41. Kd4 Kf8 42. Kc5 Ke7 43. f5 Bb3 44. Kb6 Bd5 45. Bxd5 cxd5 46. Kc5 d4 47. Kxd4 1-0

[Event "CZE-chT U18 Extraliga Ost 1819"]
[Site "Czech Republic"]
[Date "2018.10.07"]
[Round "4.6"]
[White "Rosenbaumova, Lea"]
[Black "Kanak, Matyas"]
[Result "1-0"]
[WhiteElo "1758"]
[BlackElo "1523"]
[PlyCount "91"]
[EventDate "2018.10.05"]
[EventType "team-tourn"]
[EventRounds "11"]
[EventCountry "CZE"]
[SourceTitle "EXT 2023"]
[Source "ChessBase"]
[SourceDate "2022.10.05"]
[SourceVersion "1"]
[SourceVersionDate "2022.10.05"]
[SourceQuality "1"]
[WhiteTeam "Polabiny (U18)"]
[BlackTeam "Frydek Mistek Interchess (U18)"]
[WhiteTeamCountry "CZE"]
[BlackTeamCountry "CZE"]

1. e4 c5 2. c3 d5 3. exd5 Qxd5 4. d4 Nf6 5. Nf3 Bg4 6. Be2 Nc6 7. 0-0 e6 8. Na3 Be7 9. Nc2 Bh5 10. Bf4 0-0 11. Ne5 Bxe2 12. Qxe2 cxd4 13. Nxc6 Qxc6 14. Nxd4 Qb6 15. Rad1 Nd5 16. Bg3 Rfd8 17. Rfe1 Bf6 18. a3 Rac8 19. Nb5 Be7 20. c4 Nc7 21. Bxc7 Rxc7 22. Nxc7 Qxc7 23. Rxd8+ Qxd8 24. Rd1 Qc7 25. Qd3 Bf6 26. Qd7 Qb8 27. b4 h6 28. c5 a6 29. a4 Bg5 30. b5 axb5 31. axb5 b6 32. c6 Qa8 33. c7 Qa4 34. Qd3 f5 35. Rb1 Qa8 36. Qd7 Bf4 37. c8R+ Qxc8 38. Qxc8+ Kh7 39. Qxe6 Bg5 40. Ra1 Bf6 41. Ra8 Kg6 42. f4 Kh5 43. Qxf5+ g5 44. Rg8 Bd4+ 45. Kf1 Be3 46. Qh3# 1-0

[Event "CZE-chT U18 Extraliga Ost 1718"]
[Site "Czech Republic"]
[Date "2017.10.07"]
[Round "1.6"]
[White "Neumann, Filip"]
[Black "Rosenbaumova, Lea"]
[Result "0-1"]
[WhiteElo "1802"]
[BlackElo "1648"]
[PlyCount "50"]
[EventDate "2017.10.07"]
[EventType "team-tourn"]
[EventRounds "11"]
[EventCountry "CZE"]
[SourceTitle "EXT 2023"]
[Source "ChessBase"]
[SourceDate "2022.10.05"]
[SourceVersion "1"]
[SourceVersionDate "2022.10.05"]
[SourceQuality "1"]
[WhiteTeam "Orlova Slavia (U18)"]
[BlackTeam "Polabiny (U18)"]
[WhiteTeamCountry "CZE"]
[BlackTeamCountry "CZE"]

1. e4 e6 2. d4 d5 3. Nc3 Nf6 4. e5 Nfd7 5. Nce2 c5 6. c3 Nc6 7. f4 Qb6 8. Nf3 f6 9. a3 cxd4 10. cxd4 Be7 11. g3 0-0 12. Bh3 Na5 13. Bd2 Nc4 14. Bc3 fxe5 15. dxe5 Nc5 16. Ned4 Nxb2 17. Qc2 Nc4 18. Bb4 Ne3 19. Qd2 Nf5 20. Nxf5 exf5 21. Qxd5+ Be6 22. Bxc5 Bxc5 23. Qd3 Qb2 24. Qb1 Qf2+ 25. Kd1 Rad8+ 0-1

[Event "Prague Golden op 13th"]
[Site "Prague"]
[Date "2017.07.08"]
[Round "8"]
[White "Rosenbaumova, Lea"]
[Black "Kuhnmund, Ivan"]
[Result "1/2-1/2"]
[WhiteElo "1559"]
[BlackElo "1644"]
[PlyCount "106"]
[EventDate "2017.07.01"]
[EventType "swiss"]
[EventRounds "9"]
[EventCountry "CZE"]
[SourceTitle "CBM 179 Extra"]
[Source "ChessBase"]
[SourceDate "2017.08.23"]
[SourceVersion "1"]
[SourceVersionDate "2017.08.23"]
[SourceQuality "1"]

1. d4 c6 2. e4 d6 3. Nf3 Bg4 4. h3 Bh5 5. Bf4 Nd7 6. Be2 e5 7. dxe5 dxe5 8. Nxe5 Bxe2 9. Qxd7+ Qxd7 10. Nxd7 Ba6 11. Ne5 f6 12. Nf3 Bc5 13. Nbd2 0-0-0 14. Nb3 Bb6 15. a4 Bc4 16. a5 Bc7 17. Bxc7 Kxc7 18. Nbd2 Bf7 19. 0-0-0 Ne7 20. b4 Rhe8 21. Rhe1 Nc8 22. c3 Rd3 23. Kc2 Rdd8 24. e5 Bg6+ 25. Kb2 fxe5 26. Nxe5 Bf5 27. f4 Nd6 28. c4 h5 29. Kc3 b6 30. axb6+ axb6 31. g4 hxg4 32. hxg4 Bh7 33. f5 Ra8 34. Nb3 Bg8 35. Nd4 c5 36. Nb3 Ra4 37. bxc5 Nxc4 38. cxb6+ Nxb6 39. Nd4 Nd5+ 40. Kb2 Rb8+ 41. Nb3 Nc3 42. Rd7+ Kc8 43. Rd8+ Kxd8 44. Nc6+ Kc7 45. Nxb8 Re4 46. Na6+ Kb6 47. Rxe4 Nxe4 48. Nb4 Kc7 49. Nd4 Kd6 50. Nd3 g6 51. fxg6 Ke7 52. Nf4 Kf6 53. Nf3 Nf2 1/2-1/2

[Event "Prague Golden op 13th"]
[Site "Prague"]
[Date "2017.07.02"]
[Round "2"]
[White "Nemecek, Lukas"]
[Black "Rosenbaumova, Lea"]
[Result "0-1"]
[WhiteElo "1641"]
[BlackElo "1559"]
[PlyCount "54"]
[EventDate "2017.07.01"]
[EventType "swiss"]
[EventRounds "9"]
[EventCountry "CZE"]
[SourceTitle "CBM 179 Extra"]
[Source "ChessBase"]
[SourceDate "2017.08.23"]
[SourceVersion "1"]
[SourceVersionDate "2017.08.23"]
[SourceQuality "1"]

1. e4 e6 2. d4 d5 3. exd5 exd5 4. c4 Nf6 5. Nc3 Bb4 6. Bd3 0-0 7. Nge2 Nc6 8. 0-0 dxc4 9. Bxc4 Re8 10. a3 Ba5 11. h3 h6 12. Be3 Bb6 13. Qd2 Ne4 14. Nxe4 Rxe4 15. Rad1 Bd7 16. Nc3 Rh4 17. Rfe1 Bxh3 18. gxh3 Rxh3 19. Ne4 Qh4 20. Ng3 Rd8 21. Bf1 Rh2 22. Bg2 Rd6 23. Nf5 Rxg2+ 24. Kxg2 Qe4+ 25. f3 Qxf5 26. Kf2 Nxd4 27. f4 Nc2 0-1

[Event "EU-ch U14 Girls 26th"]
[Site "Prague"]
[Date "2016.08.27"]
[Round "9"]
[White "Simkunaite, Gabija"]
[Black "Rosenbaumova, Lea"]
[Result "1/2-1/2"]
[WhiteElo "1629"]
[BlackElo "1432"]
[PlyCount "119"]
[EventDate "2016.08.18"]
[EventType "swiss"]
[EventRounds "9"]
[EventCountry "CZE"]
[SourceTitle "CBM 174 Extra"]
[Source "ChessBase"]
[SourceDate "2016.10.10"]
[SourceVersion "1"]
[SourceVersionDate "2016.10.10"]
[SourceQuality "1"]

1. e4 e6 2. d4 d5 3. Nc3 Nf6 4. e5 Nfd7 5. f4 c5 6. Nf3 Nc6 7. Be3 a6 8. a3 b5 9. Bd3 Be7 10. 0-0 0-0 11. f5 cxd4 12. Nxd4 Ndxe5 13. fxe6 Bxe6 14. Nxc6 Nxc6 15. Ne2 Bf6 16. Bc5 Re8 17. c3 Rc8 18. a4 Ne5 19. Bd4 Nxd3 20. Qxd3 Bxd4+ 21. Nxd4 bxa4 22. Rxa4 Qb6 23. Rb4 Qa7 24. Kh1 Rc4 25. Ra1 Ra8 26. Rb3 a5 27. Rba3 Rcc8 28. Qg3 Qb7 29. Rb3 Qc7 30. Qf3 Rcb8 31. Rxb8+ Rxb8 32. Qe2 Qb6 33. Ra2 Re8 34. h3 Bd7 35. Qd2 Qc7 36. Qf2 a4 37. Ra1 Qb6 38. Rf1 Be6 39. Qc2 Qa6 40. Ra1 Ra8 41. Nf3 g6 42. Ne5 Bf5 43. Qd2 Qb7 44. Nf3 f6 45. Qd4 Kg7 46. Re1 a3 47. bxa3 Rxa3 48. Qc5 Ra7 49. Nd4 Qf7 50. Nb5 Rd7 51. Nd6 Qf8 52. Ne8+ Kf7 53. Qc6 Re7 54. Nd6+ Kg7 55. Ra1 Qg8 56. Nxf5+ gxf5 57. Rf1 Re5 58. g4 Qe6 59. Qxe6 Rxe6 60. Rxf5 1/2-1/2

[Event "EU-ch U14 Girls 26th"]
[Site "Prague"]
[Date "2016.08.25"]
[Round "7"]
[White "Rosenbaumova, Lea"]
[Black "Moerwald, Miriam"]
[Result "1-0"]
[WhiteElo "1432"]
[BlackElo "1618"]
[PlyCount "79"]
[EventDate "2016.08.18"]
[EventType "swiss"]
[EventRounds "9"]
[EventCountry "CZE"]
[SourceTitle "CBM 174 Extra"]
[Source "ChessBase"]
[SourceDate "2016.10.10"]
[SourceVersion "1"]
[SourceVersionDate "2016.10.10"]
[SourceQuality "1"]

1. e4 c6 2. c4 d5 3. exd5 cxd5 4. d4 Nf6 5. Nc3 Nc6 6. Nf3 Bg4 7. Be3 e6 8. c5 a6 9. Be2 Be7 10. 0-0 0-0 11. a3 Nd7 12. b4 Bf6 13. Rc1 Re8 14. Re1 Nf8 15. h3 Bh5 16. Rc2 Bxf3 17. Bxf3 Ng6 18. g3 Nge7 19. Rd2 Nf5 20. Ne2 Nxe3 21. fxe3 Qc7 22. Kg2 Ne7 23. e4 dxe4 24. Bxe4 Nf5 25. Bxf5 exf5 26. Rf1 g6 27. Nf4 Rad8 28. d5 a5 29. d6 Qc6+ 30. Rd5 axb4 31. axb4 Re4 32. Qb3 g5 33. b5 Qc8 34. Nh5 Bd4 35. Rdxf5 Re2+ 36. Kh1 Rf8 37. Qd3 Rf2 38. Rxg5+ Bg7 39. Rxg7+ Kh8 40. Qxh7# 1-0

[Event "EU-ch U14 Girls 26th"]
[Site "Prague"]
[Date "2016.08.21"]
[Round "4"]
[White "Bucur, Denisa Andreea"]
[Black "Rosenbaumova, Lea"]
[Result "1-0"]
[WhiteElo "1893"]
[BlackElo "1432"]
[PlyCount "99"]
[EventDate "2016.08.18"]
[EventType "swiss"]
[EventRounds "9"]
[EventCountry "CZE"]
[SourceTitle "CBM 174 Extra"]
[Source "ChessBase"]
[SourceDate "2016.10.10"]
[SourceVersion "1"]
[SourceVersionDate "2016.10.10"]
[SourceQuality "1"]

1. d4 Nf6 2. Nf3 e6 3. c4 c5 4. dxc5 Bxc5 5. a3 Nc6 6. e3 0-0 7. b4 Bb6 8. Bb2 d5 9. Nbd2 Re8 10. Qc2 Bc7 11. Rc1 Bd6 12. Bd3 Bd7 13. Bxf6 Qxf6 14. Bxh7+ Kf8 15. Bd3 Rac8 16. Qb1 Ne5 17. c5 Nxd3+ 18. Qxd3 b6 19. Qd4 bxc5 20. bxc5 Qxd4 21. exd4 e5 22. 0-0 Bb8 23. Nb3 e4 24. Nfd2 Ba4 25. Rc3 Bf4 26. g3 Bh6 27. Re1 a5 28. Nf1 Bxb3 29. Rxb3 Rb8 30. Reb1 Rxb3 31. Rxb3 Rc8 32. Kg2 Ke7 33. Kh3 g6 34. Ne3 Ke6 35. Rb6+ Kd7 36. Nxd5 Bd2 37. Rb2 Rh8+ 38. Kg2 Bc1 39. Rb3 Kc6 40. Nc3 e3 41. fxe3 Bxe3 42. Rb6+ Kd7 43. Rd6+ Kc8 44. Nb5 Rd8 45. Kf3 Bg1 46. h3 Rxd6 47. Nxd6+ Kd7 48. Ke4 f6 49. Kd5 f5 50. Kc4 1-0

[Event "Klatovy op-B 22nd"]
[Site "Klatovy"]
[Date "2016.07.07"]
[Round "6"]
[White "Rosenbaumova, Lea"]
[Black "Novy, Jan"]
[Result "1-0"]
[WhiteElo "1351"]
[BlackElo "1606"]
[PlyCount "65"]
[EventDate "2016.07.02"]
[EventType "swiss"]
[EventRounds "9"]
[EventCountry "CZE"]
[SourceTitle "EXT 2019"]
[Source "ChessBase"]
[SourceDate "2018.10.10"]
[SourceVersion "1"]
[SourceVersionDate "2018.10.10"]
[SourceQuality "1"]

1. e4 d5 2. exd5 Nf6 3. Bb5+ Bd7 4. Be2 Nxd5 5. d4 e6 6. Nf3 Be7 7. 0-0 0-0 8. c4 Nf6 9. Nc3 c6 10. Re1 Na6 11. Bf1 Bd6 12. h3 Rc8 13. Be3 Be7 14. a3 b6 15. d5 cxd5 16. cxd5 Bd6 17. Bxa6 e5 18. Bxc8 Qxc8 19. Bg5 Ne8 20. Nxe5 Bxh3 21. gxh3 Qxh3 22. Qg4 Qxg4+ 23. Nxg4 h5 24. Nh2 f6 25. Bd2 g5 26. Re6 Be5 27. Nf3 Nc7 28. Rc6 Rf7 29. Nxe5 fxe5 30. Re1 Rg7 31. Rxe5 g4 32. Rxh5 Na6 33. Rg5 1-0

[Event "Mlada Boleslav Region-ch"]
[Site "Mlada Boleslav"]
[Date "2015.06.20"]
[Round "3"]
[White "Rosenbaumova, Lea"]
[Black "Benes, Matej"]
[Result "1-0"]
[WhiteElo "1378"]
[BlackElo "1285"]
[PlyCount "79"]
[EventDate "2015.06.20"]
[EventType "swiss"]
[EventRounds "7"]
[EventCountry "CZE"]
[SourceTitle "EXT 2017"]
[Source "ChessBase"]
[SourceDate "2016.10.25"]
[SourceVersion "1"]
[SourceVersionDate "2016.10.25"]
[SourceQuality "1"]

1. e4 e5 2. Nf3 Nc6 3. d4 exd4 4. Nxd4 Nxd4 5. Qxd4 b6 6. Nc3 Bb7 7. Bc4 f6 8. Bf4 Bc5 9. Qd2 Qe7 10. Qe2 0-0-0 11. 0-0 Bd6 12. Nd5 Bxd5 13. Bxd5 c6 14. Bxd6 Qxd6 15. Qc4 Kb8 16. Bf7 Nh6 17. Bh5 g6 18. Bf3 f5 19. a4 fxe4 20. Qxe4 Qd2 21. b4 Rhe8 22. Qc4 Rc8 23. Rad1 d5 24. Qb3 Qf4 25. b5 Qc4 26. Qxc4 dxc4 27. Bxc6 Re2 28. Rc1 c3 29. Rfd1 Nf5 30. Rd3 Ne7 31. Rxc3 Nxc6 32. bxc6 Kc7 33. Kf1 Re4 34. Ra1 Rh4 35. h3 Rf8 36. a5 Rhf4 37. f3 R4f6 38. axb6+ Kxb6 39. c7 R6f7 40. Rb1+ 1-0

[Event "Mlada Boleslav Region-ch U20"]
[Site "Mlada Boleslav"]
[Date "2014.06.22"]
[Round "5"]
[White "Rosenbaumova, Lea"]
[Black "Havlickova, Alexandra"]
[Result "1-0"]
[WhiteElo "1169"]
[BlackElo "1099"]
[PlyCount "77"]
[EventDate "2014.06.21"]
[EventType "swiss"]
[EventRounds "7"]
[EventCountry "CZE"]
[SourceTitle "EXT 2016"]
[Source "ChessBase"]
[SourceDate "2015.10.08"]
[SourceVersion "1"]
[SourceVersionDate "2015.10.08"]
[SourceQuality "1"]

1. e4 e5 2. Nf3 Nc6 3. d4 Bd6 4. Bc4 Nf6 5. Bg5 Be7 6. Nc3 0-0 7. dxe5 Nh5 8. Bxe7 Qxe7 9. Qd5 d6 10. exd6 cxd6 11. Qxh5 g6 12. Qd5 Be6 13. Qd3 Rfd8 14. 0-0-0 Nb4 15. Qe2 Rac8 16. Bb3 Qc7 17. Nb5 Qc5 18. Rd2 Qb6 19. Nxd6 Rc5 20. Kb1 Qa5 21. a3 Qa6 22. Qxa6 bxa6 23. Bxe6 fxe6 24. axb4 Rc7 25. Rhd1 Rc6 26. Ne5 Rb6 27. Nd7 Rxb4 28. Nf8 Kxf8 29. c3 Rb6 30. Nc8 Rb8 31. Rxd8+ Kg7 32. R1d7+ Kf6 33. Rf8+ Ke5 34. Nxa7 Ra8 35. Rc7 Kd6 36. Rc6+ Kd7 37. Rxa6 Rxf8 38. b4 h5 39. Rc6 1-0

[Event "Mlada Boleslav Region-ch U20"]
[Site "Mlada Boleslav"]
[Date "2014.06.21"]
[Round "2"]
[White "Kocourkova, Klara"]
[Black "Rosenbaumova, Lea"]
[Result "1-0"]
[WhiteElo "1382"]
[BlackElo "1169"]
[PlyCount "100"]
[EventDate "2014.06.21"]
[EventType "swiss"]
[EventRounds "7"]
[EventCountry "CZE"]
[SourceTitle "EXT 2016"]
[Source "ChessBase"]
[SourceDate "2015.10.08"]
[SourceVersion "1"]
[SourceVersionDate "2015.10.08"]
[SourceQuality "1"]

1. Nf3 e6 2. d4 d5 3. c4 Nf6 4. Nc3 c5 5. cxd5 exd5 6. Bf4 Nc6 7. e3 Bd6 8. Bxd6 Qxd6 9. Be2 0-0 10. Rc1 Bf5 11. dxc5 Qxc5 12. Ne4 Qb4+ 13. Nc3 Qxb2 14. Qd2 Qb4 15. 0-0 Rad8 16. Rfd1 Qa5 17. Nb5 Qb6 18. Nc3 Ne4 19. Nxe4 dxe4 20. Nd4 Rd7 21. Qc3 Nxd4 22. Rxd4 Rxd4 23. Qxd4 Qxd4 24. exd4 Rd8 25. Rc7 Rxd4 26. Rxb7 g6 27. Rxa7 Be6 28. a3 Rd2 29. Kf1 Ra2 30. Ke1 Ra1+ 31. Kd2 Rh1 32. h4 Kg7 33. g3 h6 34. a4 Ra1 35. a5 Ra4 36. a6 Bd5 37. Bb5 Ra5 38. Bd7 Bc4 39. Bc8 Bd5 40. Bb7 Ra2+ 41. Ke3 Ra3+ 42. Kd4 Rd3+ 43. Kc5 Be6 44. Bxe4 Rc3+ 45. Kd6 Rc4 46. Bg2 Rd4+ 47. Kc6 Rc4+ 48. Kb5 Rc8 49. Kb6 Rb8+ 50. Rb7 Rd8 1-0